Statistieken voor Top 15 Covid-19 getroffen landen - 1 augustus

Klik hier om de quiz te nemen!

Algemene statistieken

  • Deze quiz is 3 keer genomen
  • De gemiddelde score is 5 van 25

Antwoordstatistieken

land% Correct
India
100%
Rusland
100%
Verenigde Staten
100%
Mexico
67%
Verenigd Koninkrijk
67%
Brazilië
33%
Qatar
33%
Saoedi-Arabië
33%
Armenië
0%
Bahrein
0%
Chili
0%
Chili
0%
Colombia
0%
Iran
0%
Israël
0%
Italië
0%
Koeweit
0%
Oman
0%
Pakistan
0%
Panama
0%
Peru
0%
Singapore
0%
Spanje
0%
Zuid-Afrika
0%
Zweden
0%

Scoreverdeling

Percentiel versus Aantal Correcte Antwoorden

Procent van Mensen met Elke Score

Uw Scoregeschiedenis

U heeft deze quiz nog niet genomen